| 000 | 00391 a2200157 4500 | ||
|---|---|---|---|
| 005 | 20250624093324.0 | ||
| 020 | _a978-0-07-351152-8 | ||
| 082 | _a658.4 HAA | ||
| 100 | _aHAAG, S | ||
| 245 | _aInformation System Essentials | ||
| 250 | _a2nd Ed. | ||
| 260 |
_aBoston _bMcGraw-Hill _c2008. |
||
| 300 |
_axxxi,490p.: ill.; pictures _bIndex _c27cm |
||
| 700 | _aMaeve Cummings | ||
| 942 |
_2ddc _cBKS |
||
| 999 |
_c4795 _d4795 |
||